GTHL AAA Teams - Statistics

General Stats
  • This quiz has been taken 66 times
  • The average score is 11 of 13
Answer Stats
Answer % Correct
Don Mills Flyers
90%
Toronto Marlboros
90%
Toronto Titans
90%
Mississauga Reps
86%
Toronto Jr Canadiens
86%
Toronto Nationals
86%
Mississauga Rebels
81%
Mississauga Senators
81%
North York Rangers
81%
Thunder Bay Kings
81%
Vaughan Kings
81%
Toronto Red Wings
76%
Markham Majors
71%
No matching quizzes found
Score Distribution
Percent of People with Each Score
Percentile by Number Answered
Your Score History
You have not taken this quiz